LEADER 00979nam a2200241 i 4500 001 000000037888 003 CaOOAMICUS 005 20040903000000.0 008 040903s1962 it u000 u ita u 013 $a8267 040 $aSeMil$bita 245 12$aL'arte nel Rinascimento. 260 $aMilano :$bTouring Club Italiano,$c1962. 300 $a208 p., 113 cartine e schizzi, 266 fotoincisioni ;$c28 cm. 490 0 $aConosci l'Italia ;$vVolume6. 650 4$aArte - Italia - Sec. 15.$0(OLS)http://semarc/subject/2703 650 4$aArte - Italia - Sec. 16.$0(OLS)http://semarc/subject/2704 830 0$aConosci l'Italia ;$vVolume6.$0(OLS)http://semarc/title/222 850 $aSeMil 852 $aSeMil$W1$xVenegono$y1$m4Y VI 20$j4043$B4043$CSeMilBibl$Z2$F4043 $81 961 $aOmaggio: Biblioteca Seminario Masnago 996 $6245$aL'arte nel Rinascimento$9(OLS)http://semarc/title/53238 996 $6260$aMilano :$bTouring Club Italiano$9(OLS)http://semarc/publisher/29688 LEADER 01060nam a2200241 i 4500 001 000000204970 003 CaOOAMICUS 005 20110811000000.0 008 110811s2003 it u000 u ita u 013 $a183703 040 $aSeMil$bita 100 1 $aBaldi, Guido,$d<1942- >.$0(OLS)http://semarc/name/11184 245 13$aIl Neoclassicismo e il Romanticismo :$bgeneri, autori e opere. 300 $a703 p. 490 0 $aDal testo alla storia, dalla storia al testo ;$v2 650 4$aRomanticismo.$0(OLS)http://semarc/subject/523 650 4$aNeoclassicismo.$0(OLS)http://semarc/subject/16334 773 0 $aBaldi, Guido <1942- >$tDal Barocco al Romanticismo.$dTorino : Paravia, 2003.$z88-395-1637-9$g2$w()25276 830 0$aDal testo alla storia, dalla storia al testo ;$v2.$0(OLS)http://semarc/title/34029 850 $aSeMil 852 $aSeMil$W1$xVenegono$y1$m1D VI 188$j155464$B155464$CSeMilBibl$Z2$F166686 $81 961 $aOmaggio: Altro 996 $6245$aIl Neoclassicismo e il Romanticismo :$bgeneri, autori e opere$9(OLS)http://semarc/title/296826